Manchester United footballers - Statistics

General Stats
  • This quiz has been taken 41 times
  • The average score is 7 of 24
Answers on the Grid
Answers color-coded by a green-red scale on the quiz's grid according to % correct below.
Henrik Larsson
Laurent Blanc
Jordi Cruyff
Dong Fangzhuo
Kevin Keegan
Peter Reid
Ron Atkinson
Fraser Campbell
Wilfried Zaha
Mick Channon
Gerard Piqué
Josh King
Tony Yeboah
Tom Finney
Bob Wilson
Billy Bremner
Kieran Richardson
Darren Ferguson
Alan Ball
Jimmy Greaves
Bebe
Kevin Beattie
Steve Perryman
Clive Allen
Michael Keane
Ray Stewart
Tommy Lawton
Chris Eagles
Manucho
Odion Ighalo
Andy Gray
Eric Djemba-Djemba
Paul Merson
Tim Howard
Ray Wilkins
Tahith Chong
Paul Gascoigne
Fabio da Silva
Joe Jordan
John Obi Mikel
Ralph Milne
Clayton Blackmore
Diego Forlán
David Platt
Chris Waddle
 
Answer Stats
Answer % Correct
Laurent Blanc
75%
Gerard Piqué
64%
Henrik Larsson
57%
Wilfried Zaha
57%
Darren Ferguson
46%
Odion Ighalo
43%
Jordi Cruyff
36%
Tim Howard
36%
Kieran Richardson
32%
Michael Keane
32%
Bebe
29%
Eric Djemba-Djemba
29%
Chris Eagles
25%
Diego Forlán
25%
Josh King
25%
Tahith Chong
25%
Fraser Campbell
18%
Dong Fangzhuo
14%
Fabio da Silva
14%
Clayton Blackmore
7%
Clive Allen
4%
Joe Jordan
4%
Manucho
4%
Ralph Milne
0%
No matching quizzes found
Score Distribution
Percent of People with Each Score
Percentile by Number Answered
Your Score History
You have not taken this quiz